Pasaban en silencio nuestros dioses

Guardat en:
Dades bibliogràfiques
Autor principal: Manjarrez, Héctor
Format: Llibre
Idioma:Undetermined
Publicat: México, Distrito Federal Ediciones Era 1987
Matèries:
Etiquetes: Afegir etiqueta
Sense etiquetes, Sigues el primer a etiquetar aquest registre!

MARC

LEADER 00000nam a2200000Ia 4500
008 170316s9999 xx 000 0 und d
040 |a cru BVZT 
090 |a 860 M-4.2p 
100 |a Manjarrez, Héctor 
245 |a Pasaban en silencio nuestros dioses 
260 |a México, Distrito Federal 
260 |b Ediciones Era 
260 |c 1987 
300 |a 146 páginas 
650 |a LITERATURA LATINOAMERICANA 
999 |c 8964  |d 8964 
942 |c 15 D  |h 860 M-4.2p  |2 z